Statistics for Family Guy Insane Trivia

Click here to take the quiz!

General Stats

  • This quiz has been taken 81 times
  • The average score is 8 of 15

Answer Stats

Answer% Correct
What is the name of the bar that Peter and the Guys go to?The Drunken Clam
96%
Who does Peter often fight with?Chicken
87%
Was Quagmire's sister's boyfriend abusive, an alcoholic, or a drug addict?abusive
79%
Where was Peter born?Mexico
75%
Stewie calls Dr. Hartman the man in _____white
74%
What character does Peter fight in the crossover episode in Season 13, Episode 1?Homer Simpson
68%
Who is Peter's boss at the brewery?Angela
63%
What are the guys favorite football team?New England Patriots
62%
How old is Lois?43
57%
What brand of liquor do Peter and the guys drinkPawtucket Patriot
56%
Land of the free, and home of the _______whopper
34%
How old are Meg, Chris and Stewie?17,15,1
16%
What does Peter call his flying vehicle?Petahcopter
7%
Why does Cleveland move back to Quahog?His show got canceled
6%
What is Lois's maiden name?Lois Pewderschmidt
4%

Score Distribution

Percentile by Number Answered

Percent of People with Each Score

Your Score History

You have not taken this quiz